000 00624nam a2200253Ia 4500
001 Para_6516
003 CHAP
008 220125s1999 xx 000 0 und d
010 _a205374
040 _cCHAP
090 _aPA FOLLETO 522
110 _aDow Chemical Company
_934104
245 _aTordon /
_c por Dow Chemical Company
260 _aMéxico :
_b La Compañía
300 _a7 p.
650 _aHerbicidas
_953691
901 _aPA FOLLETO 522
902 _aA
905 _a00000019-- 0000000000 00
910 _a19--
942 _cPARA
942 _cPARA
_d1
999 _c205374
_d205374